| Поле | Инд. | ПП | Название | Значение |
|---|---|---|---|---|
| Тип записи | a | |||
| Библиографический уровень | m | |||
| 001 | Контрольный номер | f5bf1534f03446bf984d3d6b252e83d8 | ||
| 005 | Дата корректировки | 20251014113924.8 | ||
| 020 | a | ISBN | 978-5-09-123944-7 | |
| 040 | a | Служба первич. каталог. | НБ ТвГУ | |
| b | Код языка каталог. | rus | ||
| e | Правила каталог. | PSBO | ||
| 041 | 0_ | a | Код языка текста | rus |
| 080 | a | Индекс УДК | 94(100)"14/16"(075.3) | |
| 084 | a | Индекс другой классификации/Индекс ББК | Т3(0)5я721-1 | |
| 090 | a | Полочн. индекс | Т3(0)5 | |
| x | Авторский знак | М 42 | ||
| 097 | b | Оператор | Semenova.ZR | |
| 100 | 1_ | a | Автор | Мединский Владимир Ростиславович |
| e | Роль лиц | Автор | ||
| 245 | 10 | a | Заглавие | Всеобщая история. История Нового времени конец XV-XVII. 7 класс |
| b | Продолж. заглавия | учебник | ||
| c | Ответственность | Министерство просвещения Российской Федеравции | ||
| 246 | 03 | a | Другая форма заглавия | История Нового времени конец XV-XVII. 7 класс |
| 260 | c | Дата издания | 2025 | |
| a | Место издания | Москва | ||
| b | Издательство | Просвещение | ||
| 300 | a | Объем | 239 с. | |
| b | Иллюстрации/ тип воспроизводства | цв. ил., карты | ||
| 520 | 0_ | a | Аннотация | Учебник разработан в соответствии с актуальными требованиями Федерального государственного образовательного стандарта основного общего образования и Федеральной образовательной программы основного общего образования. В учебнике освещены основные события всеобщей истории Нового времени конца XV-XVII в., большое значение уделено вопросам интеграции событий отечественной и зарубежной истории. Представленные в учебнике вопросы и задания нацелены на подготовку к промежуточной и итоговой аттестации. Значительное место в учебнике занимают материалы по истории духовной жизни общества, культуры и повседневности. Главным результатом изучения курса должно стать формирование у обучающихся целостной картины российской и мировой истории, понимание места России в мире, вклада ее народов и культуры в общую историю, а также определение личностной позиции к пришлому настоящему Отечества. |
| 653 | 0_ | a | Ключевые слова | Всеобщая история |
| a | Ключевые слова | История Нового времени | ||
| a | Ключевые слова | 15-17 вв. | ||
| a | Ключевые слова | Новое время | ||
| a | Ключевые слова | Учебники для средней школы | ||
| a | Ключевые слова | 7 класс | ||
| 700 | 12 | a | Другие авторы | Чубарьян А. О. |
| q | Полное имя | Чубарьян Александр Оганович | ||
| 901 | t | Тип документа | m | |
| 920 | a | Оператор | Семен | |
| a | Оператор | Петр | ||
| 930 | a | Новая/Ретро | новая | |
| 952 | c | Вид литературы | К ру | |
| 954 | b | Дата поступления в ОК | 20251008 | |
| a | Дата поступления на обработку | 20251014 | ||
| c | Дата окончания ОНО | 20251014 |